[Event "Khanty-Mansiysk FIDE GP (Women)"]
[Site "Khanty-Mansiysk"]
[Date "2014.04.11"]
[Round "3"]
[White "Kosintseva, Tatiana"]
[Black "Batchimeg, Tuvshintugs"]
[Result "1/2-1/2"]
[WhiteElo "2496"]
[BlackElo "2340"]
[Annotator "ChessBase Website"]
[PlyCount "113"]
[EventDate "2014.04.09"]
[EventType "tourn"]
[EventRounds "11"]
[EventCountry "RUS"]
[EventCategory "10"]
[SourceTitle "CBM 160"]
[Source "ChessBase"]
[SourceDate "2014.05.15"]
[SourceVersion "1"]
[SourceVersionDate "2014.05.15"]
[SourceQuality "1"]
[TimeControl "40/5400+30:1800+30"]
[WhiteClock "1:30:00"]
[BlackClock "1:30:00"]

1. e4 {[%emt 0:00:00]} e5 {[%emt 0:00:00]} 2. Nf3 {[%emt 0:00:00]} Nc6 {
[%emt 0:00:00]} 3. Bb5 {[%emt 0:00:09]} Nf6 {[%emt 0:00:10]} 4. d3 {[%emt 0:03:
49]} Bc5 {[%emt 0:00:24]} 5. c3 {[%emt 0:00:09]} O-O {[%emt 0:00:15]} 6. O-O {
[%emt 0:00:06]} Re8 {[%emt 0:02:38]} 7. Bg5 {[%emt 0:02:12]} (7. Nbd2 a6 8.
Bxc6 dxc6 9. Nc4 Nd7 10. b4 Bd6 11. Qb3 Nf8 12. Bg5 Qd7 13. Be3 Ng6 14. Nfd2
Bf8 15. d4 Qe7 16. dxe5 Be6 17. Qc2 Bxc4 18. Nxc4 Nxe5 19. Nd2 a5 20. a3 axb4
21. axb4 Qe6 22. f3 Nc4 23. Bf4 c5 24. b5 Nd6 25. Rxa8 Rxa8 26. Rb1 b6 27. e5
Nc4 28. Qe4 Ra4 29. Rc1 h6 30. h4 Nb2 31. c4 Qd7 32. Rb1 Ra2 33. Be3 Na4 34.
Rb3 Rxd2 35. Bxd2 Qxd2 36. Rd3 Qc1+ {Karjakin,S (2766)-Aronian,L (2830)
Khanty-Mansiysk 2014 0-1}) 7... h6 {[%emt 0:05:18]} 8. Bh4 {[%emt 0:00:14]} a6
{[%emt 0:30:22]} 9. Bxc6 {[%emt 0:12:01]} dxc6 {[%emt 0:00:36]} 10. h3 $146 {
[%emt 0:02:29]} (10. d4 exd4 11. cxd4 Be7 12. Bxf6 Bxf6 13. Nc3 Bg4 14. e5 Bg5
15. Ne2 Bxf3 16. gxf3 Qd7 17. Kh1 Qh3 18. Qb3 Qf5 19. Rg1 c5 20. f4 Qe4+ 21. f3
Qxe2 22. fxg5 c4 23. Qc3 c5 24. dxc5 Qxe5 25. gxh6 {1/2-1/2 (25) Balogh,C 
(2575)-Ionov,S (2546) Moscow 2008}) 10... Bd6 {[%emt 0:13:52]} 11. Nbd2 {
[%emt 0:05:19]} c5 {[%emt 0:05:31]} 12. Re1 {[%emt 0:12:22]} g5 {[%emt 0:06:06]
Wihte's solid approach in the Spanish paid off as Black's position was riddled
with weaknesses, and the more the position opened up the more glaring it was
that Tuvshintugs was going to be unable to hold on to all her pawns. However
in time pressure Konsintseva was unable to accurately fend off her opponent's
threats, and she allowed too much counterplay. The Mongolian player exploited
this perfectly and she never let Kosintseva have the advantage again.} 13. Bg3
{[%emt 0:00:16]} Nh5 {[%emt 0:00:59]} 14. Nc4 {[%emt 0:18:44]} b5 {[%emt 0:05:
23]} 15. Ne3 $14 {[%emt 0:11:06][%cal Ge3d5,Ge3f5]} Nf4 {[%emt 0:00:28]} 16. a4
{[%emt 0:07:18]} Rb8 {[%emt 0:05:11]} 17. axb5 {[%emt 0:00:15]} axb5 {[%emt 0:
00:04]} 18. d4 {[%emt 0:02:53]} cxd4 {[%emt 0:09:50]} 19. cxd4 {[%emt 0:00:06]}
exd4 {[%emt 0:00:10]} 20. Nxd4 {[%emt 0:02:56]} Qf6 {[%emt 0:04:41]} 21. Nef5 {
[%emt 0:12:04]} Bxf5 {[%emt 0:00:38]} 22. Nxf5 {[%emt 0:00:04]} Bb4 {[%emt 0:
02:09]} 23. Re3 {[%emt 0:02:08]} Rbd8 {[%emt 0:01:05]} 24. Qb3 {[%emt 0:00:40]}
Bc5 {[%emt 0:03:10]} 25. Bxf4 {[%emt 0:03:19]} gxf4 {[%emt 0:00:15]} 26. Rc3 {
[%emt 0:01:11]} Bb6 {[%emt 0:02:05]} 27. Qc2 {[%emt 0:00:12]} Kh8 {[%emt 0:01:
16]} 28. Rf3 {[%emt 0:01:02]} Rg8 {[%emt 0:00:47]} 29. Rxf4 {[%emt 0:00:22]} h5
{[%emt 0:00:24]} 30. Rf3 {[%emt 0:00:54]} Qg5 {[%emt 0:00:26]} 31. Rg3 {
[%emt 0:00:31]} Qd2 {[%emt 0:00:11]} 32. Qc3+ {[%emt 0:00:34]} Qxc3 {[%emt 0:
00:08]} 33. bxc3 {[%emt 0:00:31]} Rxg3 {[%emt 0:00:22]} 34. Nxg3 {[%emt 0:00:
02]} Rd2 {[%emt 0:00:52]} 35. Nxh5 {[%emt 0:00:35]} Rc2 {[%emt 0:00:52]} 36.
Ra8+ {[%emt 0:00:34]} Kh7 {[%emt 0:00:03]} 37. Nf6+ {[%emt 0:00:27]} Kg6 {
[%emt 0:00:57]} 38. Nd5 {[%emt 0:00:20]} Bxf2+ {[%emt 0:00:17]} 39. Kf1 {
[%emt 0:00:57]} Bc5 {[%emt 0:00:36]} 40. Rg8+ {[%emt 0:00:00]} Kh7 {[%emt 0:00:
00]} 41. Nf6+ {[%emt 0:12:20]} Kh6 {[%emt 0:00:27]} 42. e5 {[%emt 0:00:38]}
Rc1+ {[%emt 0:15:20]} 43. Ke2 {[%emt 0:00:13]} Rxc3 {[%emt 0:00:17]} 44. Ng4+ {
[%emt 0:18:31]} Kh7 {[%emt 0:00:29]} 45. Nf6+ {[%emt 0:00:02]} Kh6 {[%emt 0:00:
05]} 46. g4 {[%emt 0:00:06]} Re3+ {[%emt 0:00:07]} 47. Kd1 {[%emt 0:01:48]}
Rxe5 {[%emt 0:00:09]} 48. h4 {[%emt 0:00:03]} Be3 {[%emt 0:00:08]} 49. Kc2 {
[%emt 0:01:17]} c5 {[%emt 0:00:55]} 50. g5+ {[%emt 0:00:24]} Bxg5 {[%emt 0:00:
08]} 51. hxg5+ {[%emt 0:00:38]} Rxg5 {[%emt 0:00:06]} 52. Rxg5 {[%emt 0:00:15]}
Kxg5 {[%emt 0:00:05]} 53. Ne4+ {[%emt 0:00:02]} Kg4 {[%emt 0:00:22]} 54. Nxc5 {
[%emt 0:00:04]} f5 {[%emt 0:00:09]} 55. Ne6 {[%emt 0:00:13]} f4 {[%emt 0:00:16]
} 56. Nxf4 {[%emt 0:00:09]} Kxf4 {[%emt 0:00:07]} 57. Kc3 {[%emt 0:00:01]}
1/2-1/2

[Event "Paris FIDE GP"]
[Site "Elancourt"]
[Date "2013.09.27"]
[Round "5"]
[White "Nakamura, Hikaru"]
[Black "Fressinet, Laurent"]
[Result "1/2-1/2"]
[WhiteElo "2772"]
[BlackElo "2708"]
[Annotator "ChessBase Website"]
[PlyCount "61"]
[EventDate "2013.09.22"]
[EventType "tourn"]
[EventRounds "11"]
[EventCountry "FRA"]
[EventCategory "20"]
[SourceTitle "CBM 157"]
[Source "ChessBase"]
[SourceDate "2013.11.12"]
[SourceVersion "1"]
[SourceVersionDate "2013.11.12"]
[SourceQuality "1"]
[TimeControl "40/7200:20/3600:900+30"]
[WhiteClock "2:00:00"]
[BlackClock "2:00:00"]

1. e4 {[%emt 0:00:01]} e5 {[%emt 0:00:05]} 2. Nf3 {[%emt 0:00:11]} Nc6 {
[%emt 0:00:09]} 3. Bb5 {[%emt 0:00:07]} Nf6 {[%emt 0:00:05]} 4. d3 {[%emt 0:00:
13]} Bc5 {[%emt 0:00:07]} 5. Bxc6 {[%emt 0:00:05]} dxc6 {[%emt 0:00:06]} 6. h3
{[%emt 0:00:06]} Be6 {[%emt 0:08:15]} 7. Qe2 {[%emt 0:01:11]} Nd7 {[%emt 0:05:
21]} 8. Be3 {[%emt 0:01:13]} f6 $146 {[%emt 0:03:41]} (8... Qe7 9. Bxc5 Qxc5
10. Nc3 Qd6 11. O-O-O c5 12. Nh4 O-O-O 13. Nf5 Bxf5 14. exf5 Nf6 15. Rhe1 Rhe8
16. Qf3 Qd4 17. g4 h6 18. a3 a6 19. Re3 Re7 20. Kb1 Nd5 21. Nxd5 Qxd5 22. Qxd5
Rxd5 23. Rde1 f6 24. f4 Kd7 25. c3 b5 26. Kc2 Kd6 27. b3 Re8 28. Re4 Re7 29. b4
Re8 30. c4 bxc4 31. dxc4 Rd4 32. fxe5+ fxe5 33. bxc5+ Kxc5 34. Rxe5+ Rxe5 35.
Rxe5+ Kxc4 36. Re7 c5 37. Rxg7 Rd3 38. h4 {Morozevich,A (2748)-Caruana,F (2786)
Tashkent 2012 1-0}) 9. Bxc5 {[%emt 0:03:44]} Nxc5 {[%emt 0:00:05]} 10. Qe3 {
[%emt 0:00:05]} Qe7 {[%emt 0:10:38]} 11. Nc3 {[%emt 0:00:33]} O-O-O {[%emt 0:
05:06]} 12. O-O-O {[%emt 0:12:55]} Kb8 {[%emt 0:02:25]} 13. d4 {[%emt 0:01:12]}
exd4 {[%emt 0:01:49]} 14. Nxd4 {[%emt 0:01:50]} Nd7 {[%emt 0:12:22]} 15. f4 {
[%emt 0:06:26]} Nb6 {[%emt 0:02:45]} 16. Nxe6 {[%emt 0:33:30]} Qxe6 {[%emt 0:
00:37]} 17. Qc5 {[%emt 0:00:04]} Rd6 {[%emt 0:06:53]} 18. b3 {[%emt 0:03:34]}
Rhd8 {[%emt 0:04:33]} 19. Qh5 {[%emt 0:02:04]} h6 {[%emt 0:04:33]} 20. Qg4 {
[%emt 0:03:44]} Qe7 {[%emt 0:01:32]} 21. Rxd6 {[%emt 0:00:26] The American
player essayed a positional Spanish which trades on d6 only after Black has
committed some of his pieces to arguably no the best squares for the pawn
structure, especially the knight on f6. However Fressinet really had no issues
equalizing and eventually he made a small sacrifice to force a perpetual.} cxd6
{[%emt 0:03:13]} 22. Rd1 {[%emt 0:01:16]} d5 {[%emt 0:14:15]} 23. exd5 {
[%emt 0:05:32]} Qa3+ {[%emt 0:07:52]} 24. Kb1 {[%emt 0:00:10]} Nc4 {[%emt 0:00:
05]} 25. bxc4 {[%emt 0:00:03]} Qb4+ {[%emt 0:00:12]} 26. Kc1 {[%emt 0:00:03]}
Qxc3 {[%emt 0:00:05]} 27. Qxg7 {[%emt 0:00:13]} Qa1+ {[%emt 0:00:23]} 28. Kd2 {
[%emt 0:00:04]} Qd4+ {[%emt 0:00:04]} 29. Kc1 {[%emt 0:00:02]} Qa1+ {[%emt 0:
00:31]} 30. Kd2 {[%emt 0:00:18]} Qd4+ {[%emt 0:00:04]} 31. Kc1 {[%emt 0:00:04]}
1/2-1/2

[Event "EU-Cup 30th"]
[Site "Bilbao"]
[Date "2014.09.17"]
[Round "4.4"]
[White "Movsesian, Sergei"]
[Black "Malakhov, Vladimir"]
[Result "0-1"]
[WhiteElo "2663"]
[BlackElo "2696"]
[Annotator "Chirila,C"]
[PlyCount "92"]
[EventDate "2014.09.14"]
[EventType "team-swiss"]
[EventRounds "7"]
[EventCountry "ESP"]
[SourceTitle "CBM 163"]
[Source "ChessBase"]
[SourceDate "2014.11.11"]
[SourceVersion "1"]
[SourceVersionDate "2014.11.11"]
[SourceQuality "1"]
[WhiteTeam "St Petersburg"]
[BlackTeam "Malachite Sverdlovsk Region"]
[WhiteTeamCountry "RUS"]
[BlackTeamCountry "RUS"]
[TimeControl "40/5400+30:1800+30"]

1. e4 e5 2. Nf3 Nc6 3. Bb5 Nf6 {The Berlin Wall, arguably the most solid
defense against 1.e4} 4. d3 {the anti-Berlin} (4. O-O Nxe4 5. d4 Nd6 6. Bxc6
dxc6 7. dxe5 Nf5 8. Qxd8+ Kxd8 {the main line, this endgame is one of the most
complex feature in chess. Garry Kasparov was not able to find a cure for it in
the match he lost against Kramnik. Carlsen is known to have problems playing
it as black (see his recent game lost against Caruana), and so on..}) 4... Bc5
5. Bxc6 dxc6 6. Nbd2 Nd7 7. Nc4 O-O 8. O-O Re8 9. a4 Bf8 10. Kh1 f6 11. Ng1 Nc5
{black wants to transfer his knight to e6, from there he will control the
important squares d4 and f4} 12. b3 Ne6 13. Ne2 c5 14. f4 exf4 15. Nxf4 Nxf4
16. Bxf4 Be6 17. Ne3 Qd7 18. Qf3 Rad8 19. Qg3 Bd6 20. Bxd6 Qxd6 21. Qh4 Qe5 22.
Rae1 c6 23. Nf5 Bxf5 24. exf5 Qd4 25. Qg3 Qd7 26. Qf4 h6 27. h3 Kh8 28. Kh2 (
28. Qg4 {was a better try to maintain a minuscule advantage, the e6 outpost
has to be used} Re7 $6 29. Re6 Rde8 30. Rfe1 Rxe6 31. fxe6 Qd5 32. c4 Qxd3 33.
Rd1 Qe3 34. Rd7 $36) 28... Re7 29. Rxe7 Qxe7 30. Qg3 Re8 31. Rf4 Qe2 32. Re4
Rxe4 33. dxe4 Qxe4 {now the position is completely equal, with best mutual
play it should lead to complete simplifications on the queen's side and a draw
will be agreed upon} 34. Qb8+ Kh7 35. Qxa7 (35. Qxb7 {was also possible} Qxc2
36. a5 $1 {in queens endgames, the most important is how close one's pawn is
to promotion, not the material balance} Qxf5 37. Qxa7 Qe5+ 38. Kg1 Qd4+ 39. Kh2
Qe5+ $11) 35... c4 $1 {black already begins to exert some pressure, the
position is still equal with best play} 36. Qxb7 (36. bxc4 Qxc4 37. a5 (37.
Qxb7 $2 Qxa4 38. c3 Qf4+ 39. Kg1 Qe3+ 40. Kh2 Qxc3 $19) 37... Qf4+ 38. Kh1 Qxf5
39. Qxb7 Qxa5 40. Qxc6 $11) 36... c3 {now white already need to start being
really careful, now the character of the position changed and a pawn race
could easily take place} 37. Qc7 (37. a5 Qxc2 38. Qxc6 (38. a6 $2 Qe4 $1 39.
Qb8 c2 40. a7 c1=Q 41. a8=Q Qef4+ 42. Qxf4 Qxf4+ 43. Kg1 Qxf5 44. Qxc6 Qb1+ 45.
Kh2 Qxb3 $17) 38... Qxb3 39. Qe8 {only move, not an easy idea to spot if you
are already under pshychological pressure due to the loss of control in a
completely equal position}) 37... Qxc2 38. Qg3 Qxb3 39. a5 $2 {this is the
mistake that gives black the clear advantage, white could have kept equality
with} (39. Qg6+ $1 Kh8 40. Qe8+ Qg8 41. Qxc6 Qb8+ 42. Kh1 Qb1+ 43. Kh2 Qxf5 44.
Qxc3 Qf4+ 45. Qg3 $1 Qxa4 46. Qb8+ Kh7 47. Qb1+ $11 {it is not that easy to
asses this position from afar, especially if you are low on time}) 39... Kh8
40. Qd3 {now black find a very nice maneuver to finish the game} (40. Qg6 Qb8+
$1 41. Kh1 c2 $19) (40. a6 Qb6 41. Qg6 Qb8+ 42. Qg3 Qxg3+ 43. Kxg3 c2 44. a7
c1=Q 45. a8=Q+ Kh7 $19 {black is winning but he will have to prove it with
good technique}) 40... Qb8+ $19 41. Kh1 Qb2 {probably the move white missed}
42. Qe3 {now the c pawn is free to advance, but first black needs to protect
against perpetual check} Qb1+ 43. Kh2 Qb8+ 44. Kh1 c2 (44... Qe5 45. Qxe5 fxe5
46. a6 c2 47. a7 c1=Q+ $19) 45. a6 Kh7 46. a7 Qxa7 0-1

[Event "Roquetas de Mar op 28th"]
[Site "Roquetas de Mar"]
[Date "2017.01.06"]
[Round "6"]
[White "Edouard, Romain"]
[Black "Gascon del Nogal, Jose Rafael"]
[Result "1/2-1/2"]
[WhiteElo "2613"]
[BlackElo "2455"]
[Annotator "Edouard,R"]
[PlyCount "78"]
[EventDate "2017.01.03"]
[EventType "swiss"]
[EventRounds "9"]
[EventCountry "ESP"]
[SourceTitle "CBM 176"]
[Source "ChessBase"]
[SourceDate "2017.01.17"]
[SourceVersion "1"]
[SourceVersionDate "2017.01.17"]
[SourceQuality "1"]

1. e4 e5 2. Nf3 Nc6 3. Bb5 Nf6 4. d3 Bc5 5. O-O Nd4 6. Nxd4 Bxd4 7. c3 Bb6 8.
Na3 $5 {An interesting move I had analysed for Topalov during the 2014
Candidates tournament.} c6 (8... O-O $5 {might be the best way to play for
Black:} 9. Nc4 (9. Bg5 d5 10. Bxf6 (10. exd5 Qxd5 11. Bxf6 gxf6 12. Bc4 Qd7 13.
Nc2 Qg4 $11 {1/2-1/2 (32) Anand,V (2784)-Kramnik,V (2801) SUI 2016}) 10... gxf6
(10... Qxf6 11. exd5) 11. Qf3 c6 12. Ba4 Kh8 (12... f5 $5) 13. Bb3 (13. Nc2
dxe4 14. dxe4 f5 $1 15. exf5 Qh4 $44) 13... Rg8 14. exd5 Bg4 15. Qe4 Bh3 16. g3
Bxf1 17. Rxf1 Qd7 $5 $44) 9... d5 10. exd5 Qxd5 11. a4 (11. Nxb6 axb6 12. Bc4
Qd6 13. Bg5 Bg4 14. Qd2 Nd7 15. d4 exd4 $6 (15... Be6 $142 $5) 16. cxd4 Nf6 17.
Bf4 Qd7 18. Be5 $14 {1-0 (33) Vachier Lagrave,M (2757)-Giri,A (2784) NED 2015})
11... Bg4 (11... Bd7 $5 $146 12. Nxb6 axb6 13. Bc4 Qd6 $132 {[%cal Gd7c6,Yh7h6]
}) 12. Qe1 c6 13. Nxb6 axb6 14. Bc4 Qd6 15. Be3 Nd5 16. Bxd5 cxd5 17. f4 $36 {
1/2-1/2 (30) Vachier Lagrave,M (2775)-Jakovenko,D (2733) GEO 2015}) 9. Ba4 d6 (
9... O-O 10. Bg5 h6 11. Bh4 Re8 12. Nc4 Bc7 13. Ne3 g5 14. Bg3 d5 15. exd5 Nxd5
16. Nxd5 Qxd5 17. Bb3 Qd7 18. Qh5 Kg7 19. d4 $40 {1/2-1/2 (68) Karjakin,S 
(2762)-Onischuk,A (2662) Baku AZE 2015}) 10. Bc2 (10. Bb3 a5 11. Nc4 Ba7 $1 (
11... Bc7 12. Bg5 h6 13. Bh4 g5 14. Bg3 h5 15. f3 Be6 16. Ne3 h4 17. Bf2 d5 18.
Re1 $14 {1/2-1/2 (41) Karjakin,S (2760)-Caruana,F (2811) SUI 2015}) 12. a4 O-O
13. Bg5 h6 14. Bxf6 Qxf6 15. Nxa5 d5 $44 {0-1 (44) Carlsen,M (2850)-Aronian,L 
(2781) ISL 2015}) 10... h6 $6 (10... O-O 11. Nc4 (11. Bg5 $5 h6 12. Bh4 g5 13.
Bg3 Bg4 14. Qd2 Nh5 15. Nc4 $36) 11... Bc7 12. Ne3 d5 13. Qf3 Be6 (13... g6 $5)
14. Nf5 Ne8 15. Be3 Qd7 16. d4 Bxf5 17. Qxf5 Qxf5 18. exf5 Nf6 19. dxe5 Bxe5
20. h3 Rfe8 21. Rfe1 $14 {1/2-1/2 (33) Khusnutdinov,R (2458)-Ganguly,S (2668)
Doha QAT 2016}) 11. Nc4 Bc7 12. f4 $14 exf4 13. Bxf4 d5 $2 {Just a terrible
move.} (13... Be6 14. Ne3 $14) 14. Bxc7 Qxc7 15. e5 dxc4 (15... Ne4 16. Ne3 Qb6
17. Qe1 $16) 16. exf6 gxf6 17. dxc4 Be6 18. Rxf6 $1 {The most precise.} Qe5 (
18... Qb6+ 19. Kh1 Qxb2 $2 20. Rxe6+ ({I had only seen what I put as a main
line, but the engine also shows:} 20. Rb1 Qxc3 21. Rxe6+ fxe6 22. Qh5+ Kd8 23.
Qf7 $3 Qxc2 24. Qf6+ $18) 20... fxe6 21. Qh5+ Kd8 (21... Ke7 22. Qc5+ $18) 22.
Rd1+ Kc8 23. Qe2 Rd8 24. Qxe6+ Kc7 25. Qe7+ Kb6 26. Rxd8 Qxc2 27. Qe3+ $1 $18)
19. Rf2 Rd8 20. Qe1 Qc5 $2 (20... Qxe1+ 21. Rxe1 $16) 21. Bf5 $2 {A blunder,
thinking Black should resign and forgetting about the next move.} (21. b4 {
was the other choice, winning at once:} Qxc4 22. Qe5 (22. Bb3 Qg4 23. Qe5 Rg8
24. Re1 Kd7 25. h3 Qg6 26. Bc2 $18) 22... Rg8 23. Re1 $18) 21... O-O 22. Bc2 $1
{At least Qe4 is coming now!} Rfe8 (22... Bxc4 23. Qe4 f5 24. Qf4 $16) 23. Qe4
Kf8 24. Qf4 $6 (24. Bd3 $1 {was the strongest move.}) (24. Qh7 $6 Qe3 $132) (
24. Raf1 {was my initial idea until I realised Black can go} Bxc4 25. Qf4 Re2
$1 $132) 24... Qg5 25. b3 (25. Raf1 {was smarter.}) 25... Qxf4 26. Rxf4 Rd2 27.
Rf2 Red8 28. Raf1 c5 29. h3 Ke7 30. Rxd2 $4 {Trying to compete for the worst
move of the century.} ({I should definitely play} 30. Kh2 {and go to e3 with
my king.}) 30... Rxd2 31. Rf2 Rxf2 $1 32. Kxf2 f5 $1 {The endgame is a dead
draw.} 33. Ke3 Kf6 34. Kf4 b6 35. Bd1 Bd7 36. Bf3 Be6 37. g4 fxg4 38. Bxg4 Bf7
39. Ke4 Bg8 1/2-1/2

[Event "EU-ch 6th"]
[Site "Warsaw"]
[Date "2005.06.18"]
[Round "1"]
[White "Guseinov, Gadir"]
[Black "Babujian, Levon"]
[Result "1-0"]
[WhiteElo "2573"]
[BlackElo "2386"]
[Annotator "Erenburg,S"]
[PlyCount "43"]
[EventDate "2005.06.18"]
[EventType "swiss"]
[EventRounds "13"]
[EventCountry "POL"]
[SourceTitle "CBM 108"]
[Source "ChessBase"]
[SourceDate "2005.09.26"]
[SourceVersion "1"]
[SourceVersionDate "2005.09.26"]
[SourceQuality "1"]

1. e4 e5 2. Nf3 Nc6 3. Bb5 Nf6 4. d4 {The most aggressive attempt to fight for
an advantage. More popular are the following theoretical lines:} (4. O-O) (4.
d3) 4... exd4 {This is the main reply. Other possible continuations are:} (4...
Nxd4 5. Nxd4 c6 6. Bc4 exd4 7. Qxd4 Qb6 8. Qd3 Bb4+ 9. c3 Bc5 10. O-O d5 11.
exd5 O-O 12. b4 cxd5 13. Bxd5 Nxd5 14. Qxd5 Be7 15. Be3 Be6 16. Qf3 Qc7 17. Bd4
a5 18. b5 $14 {1-0 Kaminski,M-Keitlinghaus,L/Lazne Bohdanec 1996/CBM 051/
[Hecht] (46)}) (4... Nxe4 5. Qe2 Nd6 6. Bxc6 dxc6 7. dxe5 Nf5 8. Bg5 Be7 9.
Bxe7 Nxe7 10. O-O Ng6 11. Nc3 O-O 12. Qe4 Qe7 13. Rad1 Re8 14. Rfe1 h6 15. h3
Bd7 16. Ne2 Rad8 17. Nf4 Nxf4 18. Qxf4 c5 19. Rd3 Bc6 $11 {1/2-1/2 Minasian,
A-Narciso Dublan,M/Ohrid 2001/CBM 084 (44)}) 5. e5 (5. O-O a6 6. Bxc6 dxc6 7.
e5 Ne4 8. Re1 Bf5 9. Nxd4 Bg6 10. f3 Nc5 11. Be3 Ne6 12. Nxe6 fxe6 13. Qe2 Qd5
14. Bf2 c5 15. Nc3 Qc6 16. Rad1 Be7 17. Ne4 O-O 18. c4 Rad8 19. Nc3 b6 {
1/2-1/2 Nisipeanu,L-Stefansson,H/Calvia ESP 2004/The Week in Chess 521 (19)})
5... Ng4 $4 {Terrible decision. Black's knight is misplaced on g4. In Modern
Attack variation (1.e4 e5 2.Nf3 Nc6 3.Bc4 Nf6 4.d4 exd4 5.e5) Black can play 5.
..Ng4 with following d7-d6. The difference is that Black's queenside knight is
now pinned in this position, which makes Black's position very unpleasant.} ({
Black should play} 5... Ne4 6. O-O a6 7. Bxc6 dxc6 8. Re1 $146 Nc5 9. Bg5 Be7
10. Bxe7 Qxe7 11. Qxd4 Bf5 12. Qc3 Ne6 13. Nbd2 O-O-O 14. b4 Rd5 15. Nf1 Bg4
16. N3d2 Rhd8 17. Nc4 Qg5 $40 {1/2-1/2 Hector,J-Miles,A/Reykjavik 1998/CBM 064/
[Wedberg] (48)}) 6. O-O d6 (6... Bc5 {doesn't help Black too much:} 7. h3 Ngxe5
(7... Nh6 8. Bxh6 gxh6 9. Nbd2 $16 {[%cal Gd2e4]}) 8. Nxe5 Nxe5 9. Re1 f6 10.
f4 $16 {/+-}) 7. Nxd4 Ngxe5 $146 (7... Bd7 8. Bxc6 bxc6 9. e6 c5 10. exd7+ Qxd7
11. Qf3 O-O-O 12. Qa8# {1-0 Almquist,W-Feldman,J/Plymouth 1984/EXT 2003 (12)})
8. f4 $1 {This is the point. Now White's light-squared bishop is located on b5
and not on c4, where it is attacked by Black's knight. Also, it presses
Black's queenside knight.} a6 9. Ba4 b5 10. Bb3 ({Much worse is} 10. fxe5 $2
Nxd4 11. Qxd4 bxa4 12. exd6 Be6 13. Bh6 Qxd6 14. Bxg7 Bxg7 15. Qxg7 O-O-O $132)
10... Qh4 (10... Nxd4 {doesn't change the evaluation of the position:} 11. Qxd4
c5 (11... Nc4 12. Qe4+ Be6 13. f5 $18) 12. Qe4 Ra7 13. Bd5 $18 (13. fxe5 c4 14.
exd6+ Be6 $16 {/+-})) {[%tqu "En","Please find the best move for white.","","",
"b3d5","",10]} 11. Bd5 $1 $18 {Now Black cannot avoid big material loses.} Bg4
(11... Nxd4 {isn't better:} 12. Bxa8 Nec6 13. c3 $18) 12. Qd2 Nxd4 13. Qxd4 ({
It wasn't too late to make a mistake:} 13. Bxa8 $4 Ne2+ 14. Kh1 Ng3+ 15. Kg1
Qxh2+ $1 16. Kxh2 Nxf1+ $19) 13... c6 14. fxe5 cxd5 15. h3 $1 (15. Qxd5 $2 {
leaves Black some chances:} Ra7 16. exd6 Be6 $16) 15... h5 (15... dxe5 16. Qxd5
Ra7 17. Qxe5+ $18) 16. Nc3 $1 {White doesn't hurry with winning material, but
includes the knight in the attack.} ({Worse is} 16. Qxd5 $2 Ra7 17. hxg4 $2
hxg4 {and Black gets counterchances.}) 16... Rc8 {Black didn't have any useful
move:} (16... Be7 17. Qxd5 {[%cal Gd5a8,Gd5f7]} O-O 18. hxg4 $18) (16... dxe5
17. Qxd5 Ra7 18. Qxe5+ {[%cal Ge5b8]} Re7 19. Qb8+ Kd7 20. Bg5 $18 {[%cal
Ga1d1]}) 17. Qf4 $18 {Now Black cannot stop White's attack.} dxe5 {Other moves
lose as well:} (17... Qe7 18. hxg4 dxe5 19. Qf5 $18) (17... Rc7 18. Nxd5 $18
Rd7 19. e6 fxe6 20. Qe4 $18 {[%cal Ge4g6,Yc1g5]}) 18. Qxf7+ $40 {White wins
the game with direct attack.} Kd8 19. Qxd5+ Bd7 (19... Kc7 {doesn't change
anything:} 20. Rf7+ Be7 21. Qxe5+ $18) 20. Ne4 $1 {[%cal Gc1g5] coordingating
all the pieces.} Be7 21. Be3 $1 {[%cal Ga1d1,Ge3b6,Yd1d7]} Rxc2 22. Bb6+ (22.
Bb6+ Rc7 (22... Ke8 23. Qf7#) (22... Kc8 23. Qa8#) 23. Rac1 $18) 1-0